| 000 | 01369nam2a22002531 4500 | ||
|---|---|---|---|
| 001 | RU\NLR\INFOCOMM15\1000023291 | ||
| 005 | 20250616231534.0 | ||
| 035 | _a(NLR Aleph) 002272063 | ||
| 090 |
_a3961613 _c3961613 |
||
| 100 | _a20031121d1977 |||y0rusy50 ca | ||
| 101 | 0 | _arus | |
| 102 | _aRU | ||
| 105 | _ay ||||||||| | ||
| 200 | 1 |
_aФормализованный анализ работы по предупреждению дорожно-транспортных происшествий _fЧугуев В.Л. |
|
| 210 |
_d1977 _aБ. м. |
||
| 461 | 0 |
_1001RU\NLR\INFOCOMM15\1000023289 _12001#$aАвтомобильный транспорт$eНауч.-техн. реф. сб.$hСерия 2$iБезопасность движения на автомобильном транспорте$fМ-во автомоб. трансп. РСФСР. ЦБНТИ$v1977 Вып.2 _93961595 _cМ. _d1977- _fМ-во автомоб. трансп. РСФСР. ЦБНТИ _hСерия 2 _iБезопасность движения на автомобильном транспорте _oНауч.-техн. реф. сб. _tАвтомобильный транспорт _x0204-3157 _v1977 Вып.2 |
|
| 700 | 1 |
_aЧугуев _bВ.Л. _4070 |
|
| 801 | 1 |
_aRU _bInfoComm _c20031121 |
|
| 801 | 0 |
_aRU _bNLR _gPSBO |
|
| 852 |
_aNLR _jП10/5388 |
||
| 942 | _cISSUE | ||
| 980 | _aNB | ||
| 980 | _aRUSPER | ||